El muchacho en la gaveta / (Record no. 17636)

MARC details
000 -LEADER
fixed length control field 01546nam a2200397Ia 4500
001 - CONTROL NUMBER
control field sjds62724
003 - CONTROL NUMBER IDENTIFIER
control field sjds
005 - DATE AND TIME OF LATEST TRANSACTION
control field 20170615161249.0
008 - FIXED-LENGTH DATA ELEMENTS--GENERAL INFORMATION
fixed length control field 890914t19891989onc j 000 1 eng c
010 ## - LIBRARY OF CONGRESS CONTROL NUMBER
LC control number cn 89095452
020 ## - INTERNATIONAL STANDARD BOOK NUMBER
International Standard Book Number 1550370979 (pbk.) :
Terms of availability $4.95
020 ## - INTERNATIONAL STANDARD BOOK NUMBER
International Standard Book Number 9781550370973 (pbk.)
035 ## - SYSTEM CONTROL NUMBER
System control number (OCoLC)20634485
040 ## - CATALOGING SOURCE
Original cataloging agency CaOTU
Language of cataloging eng
Transcribing agency NLC
Modifying agency IFA
-- UtOrBLW
041 1# - LANGUAGE CODE
Language code of text/sound track or separate title spa
Language code of original eng
049 ## - LOCAL HOLDINGS (OCLC)
Holding library IFAA
099 ## - LOCAL FREE-TEXT CALL NUMBER (OCLC)
Classification number SPA P j
999 ## - SYSTEM CONTROL NUMBERS (KOHA)
Koha Dewey Subclass [OBSOLETE] SPA P j
100 1# - MAIN ENTRY--PERSONAL NAME
Personal name Munsch, Robert N.,
Dates associated with a name 1945-
Relator term author.
240 10 - UNIFORM TITLE
Uniform title <a href="Boy in the drawer.">Boy in the drawer.</a>
Language of a work Spanish
245 13 - TITLE STATEMENT
Title El muchacho en la gaveta /
Statement of responsibility, etc. por Robert N. Munsch ; ilustraciones: Michael Martchenko ; [Shirley Langer: traduccion].
260 ## - PUBLICATION, DISTRIBUTION, ETC. (IMPRINT)
Place of publication, distribution, etc. Willowdale, Ont. :
Name of publisher, distributor, etc. Annick Press,
Date of publication, distribution, etc. c1989
264 #1 - PRODUCTION, PUBLICATION, DISTRIBUTION, MANUFACTURE, AND COPYRIGHT NOTICE
Place of production, publication, distribution, manufacture Willowdale, Ont. :
Name of producer, publisher, distributor, manufacturer Annick Press,
Date of production, publication, distribution, manufacture, or copyright notice [1989]
264 #4 - PRODUCTION, PUBLICATION, DISTRIBUTION, MANUFACTURE, AND COPYRIGHT NOTICE
Date of production, publication, distribution, manufacture, or copyright notice c1989
300 ## - PHYSICAL DESCRIPTION
Extent 25 unnumbered pages :
Other physical details color illustrations ;
Dimensions 20 x 20 cm
336 ## - CONTENT TYPE
Content type term text
Content type code txt
Source rdacontent
337 ## - MEDIA TYPE
Media type term unmediated
Media type code n
Source rdamedia
338 ## - CARRIER TYPE
Carrier type term volume
Carrier type code nc
Source rdacarrier
500 ## - GENERAL NOTE
General note Translation of: Boy in the drawer.
520 ## - SUMMARY, ETC.
Summary, etc. Un muchachito, singular y travieso, molesta mucho a una familia pero se desaparece cuando lo tratan con la bondad. [A strange and mischievous little boy causes a family a lot of trouble until he is "killed with kindness."]
526 0# - STUDY PROGRAM INFORMATION NOTE
Program name Accelerated Reader
Interest level LG
Reading level 2.7
Title point value 0.5
Public note 6105SP
650 #0 - SUBJECT ADDED ENTRY--TOPICAL TERM
Topical term or geographic name as entry element Humorous stories
Form subdivision Juvenile literature.
650 #7 - SUBJECT ADDED ENTRY--TOPICAL TERM
Topical term or geographic name as entry element Cuentos humorosos
Form subdivision Literatura juvenil.
Source of heading or term bidex
700 1# - ADDED ENTRY--PERSONAL NAME
Personal name Martchenko, Michael,
Relator term illustrator.
942 ## - ADDED ENTRY ELEMENTS (KOHA)
Koha item type Libro/Book
Holdings
Withdrawn status Lost status Damaged status Not for loan Home library Current library Date acquired Inventory number Total Checkouts Barcode Date last seen Price effective from Koha item type
        Zaragoza -- Satellite Zaragoza -- Satellite 15/06/2017 Inventory date: 7/7/25   35501536 21/02/2024 15/06/2017 Libro/Book

Powered by Koha